Представление документа в формате RUSMARC

ПолеНазваниеЗначение
  Тип записи a
  Библиографический уровень c
001 Контрольный номер RU/SLIB/B/208755087
005 Дата корректировки 20241126101918.4
010 Индекс ISBN __
d Цена 120-00
101 Язык документа 0_
a Язык текста rus
c Язык оригинала rus
200 Заглавие и сведения об ответственности 1_
a Заглавие Из истории советской науки о театре, 20-е годы
e Сведения, относящиеся к заглавию сб. тр.
f Первые сведения об ответственности М-во культуры РСФСР, ГИТИС ; сост., общ. ред., коммент. и биогр. очерки С. В. Стахорский
b Общее обозначение материала Текст
210 Выходные данные 1_
a Место издания М.
c Издательство [б. и.]
d Дата издания 1988
215 Физическое описание __
a Объем 338 с.
606 Тематические рубрики __
a Основная рубрика История театра
a Основная рубрика Музыка и зрелищные искусства
z Хронологическая подрубрика 20 в. 20-е гг.
y Географическая подрубрика СССР
606 Тематические рубрики __
a Основная рубрика Театр в целом
610 Ключевые слова 0_
a Ключевые слова народный театр; актеры; актерское творчество; самодеятельные театры; театральные актеры; персоналии; актерское мастерство; театральные постановки; спектакли
686 Индексы других классификаций __
a Классификационный индекс 85.33(2)
702 Вторичная интеллектуальная ответственность _1
a Фамилия Стахорский
b Имя С. В.
4 Код отношения Составитель
4 Код отношения 220
4 Код отношения 340
801 Источник записи _0
a Страна RU
b Организация Муниципальное бюджетное учреждение культуры "Централизованная библиотечная система" г. Сургут (Центральная городская библиотека им. А. С. Пушкина)
g Правила каталогизации КиК/Михайлова
801 Источник записи _1
a Страна RU
b Организация Муниципальное бюджетное учреждение культуры "Централизованная библиотечная система" г. Сургут (Центральная городская библиотека им. А. С. Пушкина)
g Правила каталогизации КиК/Михайлова
852 Данные о местонахождении __
j Шифр хранения 85.33(2)
c Каталожный индекс 85.33(2)
i Авторский знак И 32
p Инвентарный номер 53823
901 Тип документа __
t Тип документа x
969 Тип издания __
a Тип издания сборник
990 Данные о заказе (DOS) __
j Количество экземпляров (DOS) 1
t N записи в КСУ для И/У (DOS) 199501